Prešovský magazín kultúrno-spoločenský mesačník

Bibliographic Details
Previous Title:Prešov
Format: Journal
Language:Slovak
PhysicalDescription:zv. 21-30 cm
Published: Prešov Lantana 2008-
Prešov Mestský úrad Michal Vaško - Vydavateľstvo
ISSN:1339-2018
Subjects:
Online Access:www.presov.sk

MARC

LEADER 00000cas a2200000 a 4500
001 vtls009191586
003 SK-MaSNL
005 20260228161130.0
008 080313c20089999xo mr|p 0 b0slo
022 |a 1339-2018 
040 |a SVKPO  |b slo  |c SVKPO  |d SNK  |e AACR2 
041 0 |a slo 
044 |a xo  |c SK 
072 7 |a 316.7  |x Sociológia kultúry. Kultúrny život  |2 konspekt 
080 |a 316.728  |2 2011 
080 |a 050  |2 2011 
080 |a (051)+(054)  |2 2011 
080 |a (437.6)  |2 2011 
210 0 |a Prešovský mag. 
222 0 |a Prešovský magazín 
245 0 0 |a Prešovský magazín  |b kultúrno-spoločenský mesačník 
260 |a Prešov  |b Lantana  |c 2008- 
260 3 |3 2009, 2013-2016-  |a Prešov  |b Mestský úrad  |b Michal Vaško - Vydavateľstvo 
300 |a zv.  |c 21-30 cm 
310 |a 1x mesačne 
362 0 |a Roč. 1(51), č. 1 (2008)-roč. 2(52), č. 11-12 (2009) ; roč. 57, č. 1 (2013)- 
500 |a Reg. číslo: MK SR RP 369/2007 
500 |a Šéfredaktori sa menia 
500 |a Od r. 2009 pre mesto Prešov: Michal Vaško - Vydavateľstvo 
500 |a V r. 2008 rozmer zv. 30 cm 
500 |a Od r. 2009 rozmer zv. 21 cm 
500 |a Evidenčné číslo: EV 4279/11 
500 |a Od č. 4/5(2023) rozmer zv. 29,5 cm 
500 |a Od č. 3 (2013) sa v tiráži uvádza ISSN 1339-2018 
515 |a Niektoré čísla vychádzajú ako dvojčíslo 
515 |a V č. jan. (2008) na obale uvedený roč. 1 - správne 1(51) 
515 |a Od r. 2013 dvojaké číslovanie: slovné aj číselné. Číslo 1 = január-február ; č. 2 = marec ... ; č. 9 = október, chybne označené ako č. 10 ; č. 10-11 = november-december 
515 |a Rok 2009 má na obale uvedený roč. 52(2) - správne 2(52) 
515 |a V r. 2017 vydali len jedno číslo, ktoré vyšlo ako trojčíslo - č. 1/2/3 
650 0 7 |a spoločenský život  |2 SNKPH  |9 28654 
651 7 |a Prešov (Slovensko)  |2 SNKPHgeo  |9 17347 
655 7 |a miestne periodiká  |2 SNKPH  |9 160938 
780 0 0 |t Prešov  |w vtls008991670 
856 4 1 |u www.presov.sk 
910 |a snk 
910 |a svkpo 
916 |a 2008-2009, 2013-2016 
999 |c 4444  |d 6374 
952 |0 0  |1 0  |4 0  |7 0  |8 0  |a SNK  |b SNK  |d 2020-11-19  |i snk2020/20698  |l 0  |o snkČSB 6459/63/2019  |p 17A1432683  |r 2026-02-21 19:24:15  |t č. 1-12  |w 2026-02-21  |y PREZ 
952 |0 0  |1 0  |4 0  |7 0  |8 0  |a SNK  |b SNK  |d 2023-07-31  |i snk2023/11352  |l 0  |o snkČSB 6459/64/2020  |p 17A1521081  |r 2026-02-21 19:59:10  |t č. 1-12  |w 2026-02-21  |y PREZ 
952 |0 0  |1 0  |4 0  |7 0  |8 0  |a SNK  |b SNK  |d 2023-07-31  |i snk2023/11353  |l 0  |o snkČSB 6459/65/2021  |p 17A1521082  |r 2026-02-21 19:59:10  |t č. 1-12  |w 2026-02-21  |y PREZ 
952 |0 0  |1 0  |4 0  |7 0  |8 0  |a SNK  |b SNK  |d 2023-07-31  |i snk2023/11356  |l 0  |o snkČSB 6459/66/2022  |p 17A1521083  |r 2026-02-21 19:59:10  |t č. 1-12 + špec. č.  |w 2026-02-21  |y PREZ  |z Špeciálne č.: Insvestície mesta Prešov 2018-2022 
952 |0 0  |1 0  |4 0  |7 0  |8 0  |a SNK  |b SNK  |d 2019-10-18  |i snk2019/26530  |l 0  |o snkČSB 6459/61/2017  |p 17A1370775  |r 2026-02-21 21:59:54  |t č. 1-3  |w 2026-02-21  |y PREZ  |z Vyšlo ako trojčíslo 
952 |0 0  |1 0  |4 0  |7 0  |8 0  |a SNK  |b SNK  |d 2019-10-18  |i snk2019/26532  |l 0  |o snkČSB 6459/62/2018  |p 17A1370776  |r 2026-02-21 21:59:54  |t č. 1-12  |w 2026-02-21  |y PREZ 
952 |0 0  |1 0  |4 0  |7 0  |8 0  |a SNK  |b SNK  |d 2017-07-25  |f 1  |i snk2017/16990  |l 0  |o snkČSB 6459/57/2013  |p 17A1263249  |r 2026-02-21 22:24:54  |t č. 1-12, neúplné  |w 2026-02-21  |y PREZ  |z Č. 9 chybne označené ako č. 10 ; chýba č. 6 ; ; Označenie čísiel: 1=jan.-febr. ; 2=mar. ; 3=apr. ; 4=máj ; 5=jún ; 7=aug. ; 8=sept. ; 10=okt. 
952 |0 0  |1 0  |4 0  |7 0  |8 0  |a SNK  |b SNK  |d 2017-07-25  |f 1  |i snk2017/16993  |l 0  |o snkČSB 6459/58/2014  |p 17A1263250  |r 2026-02-21 22:24:55  |t č. 1-12  |w 2026-02-21  |y PREZ 
952 |0 0  |1 0  |4 0  |7 0  |8 0  |a SNK  |b SNK  |d 2017-07-25  |f 1  |i snk2017/16995  |l 0  |o snkČSB 6459/59/2015  |p 17A1263251  |r 2026-02-21 22:24:55  |t č. 1-12  |w 2026-02-21  |y PREZ 
952 |0 0  |1 0  |4 0  |7 0  |8 0  |a SNK  |b SNK  |d 2017-07-25  |f 1  |i snk2017/16996  |l 0  |o snkČSB 6459/60/2016  |p 17A1263252  |r 2026-02-21 22:24:55  |t č. 1-12  |w 2026-02-21  |y PREZ 
952 |0 0  |1 0  |4 0  |7 0  |8 0  |a SNK  |b SNK  |d 2017-07-24  |f 1  |i snk2017/16926  |l 0  |o snkČSB 6459/1(51)/2008  |p 17A1263247  |r 2026-02-21 22:25:34  |t č. jan.-dec.  |w 2026-02-21  |y PREZ  |z Na obale v č. jan. je uvedený roč. 1 - správne 1(51) 
952 |0 0  |1 0  |4 0  |7 0  |8 0  |a SNK  |b SNK  |d 2017-07-24  |f 1  |i snk2017/16929  |l 0  |o snkČSB 6459/2(52)/2009  |p 17A1263248  |r 2026-02-21 22:25:34  |t č. 1-12  |w 2026-02-21  |y PREZ  |z Na obale uvedený roč. 52(2) - správne 2 (52)